| 000 | 01090nam a22002531i 4500 | ||
|---|---|---|---|
| 001 | 000030521 | ||
| 003 | RuMoIPM | ||
| 005 | 20260507114657.0 | ||
| 008 | 031121s1986----ru | c rus | ||
| 040 |
_aRuMoIPM _brus _ercr |
||
| 041 | 0 | _arus | |
| 044 | _aru | ||
| 080 | _a51(07) | ||
| 245 | 1 |
_aСборник конкурсных задач по математике _b(с методическими указаниями и решениями) : [учебное пособие ] _cВ. М. Говоров, П. Т. Дыбов, Н. В. Мирошин, С. Ф. Смирнова ; Под ред. А. И. Прилепко |
|
| 250 | _a2-е изд., стер. | ||
| 260 |
_aМосква _bНаука _c1986 |
||
| 300 |
_a382, [1] с. _bил. |
||
| 700 | 1 | _aГоворов, Валерий Михайлович | |
| 700 | 1 | _aДыбов, Петр Тимофеевич | |
| 700 | 1 | _aМирошин, Николай Васильевич | |
| 700 | 1 | _aСмирнова, Серафима Федоровна | |
| 700 | 1 |
_aПрилепко, Алексей Иванович _eред. |
|
| 942 | _cBK | ||
| 999 |
_c30521 _d30521 |
||